000 01014cam a2200253 4500
001 J116495
008 020128n2002 000 0 eng u
035 _a(Sirsi) u116495
050 _a692.8
110 _aJoint Contracts Tribunal
_93664
245 _aJCT standard form of domestic sub-contract 2002 edition : for use with the Standard form of building contract 1998 edition (all versions) incorporating Amendments 1:1999, 2:2000, 3:2001, 4:2002. Sub-contract conditions (Conditions DSC/C)
260 _aBirmingham
_bConstruction Industry Publications
_c2002
300 _a89p.
_c30cm.
350 _a20.00
650 _aCONDITIONS OF CONTRACT
650 _aCONTRACT CONDITIONS
650 _aDOMESTIC SUB-CONTRACTS
650 _aDSC/C
650 _aBUILT ENVIRONMENT-BUILDING CONTRACT FORMS-STANDARD FORMS OF BUILDING CONTRACT-JOINT CONTRACTS TRIBNUAL CONTRACTS
650 _aSUBCONTRACTORS
650 _aSUBCONTRACTS
690 _aBUILDING AND CONSTRUCTION-CONTRACTS-JCT CONTRACTS
942 _n0
999 _c101875
_d101875